Álbum de la caridad (Record no. 21554)

MARC details
000 -LEADER
campo de control de longitud fija 00688nam a2200181 i 4500
001 - NÚMERO DE CONTROL
campo de control 21554
003 - IDENTIFICADOR DE NÚMERO DE CONTROL
campo de control ES-MaACL
005 - FECHA Y HORA DE LA ÚLTIMA TRANSACCIÓN
campo de control 20230906152513.0
007 - CAMPO FIJO DE DESCRIPCIÓN FÍSICA--INFORMACIÓN GENERAL
campo de control de longitud fija t|
008 - DATOS DE LONGITUD FIJA--INFORMACIÓN GENERAL
campo de control de longitud fija 021126s1862 sp |||| | spa d
245 00 - MENCIÓN DEL TÍTULO
Título Álbum de la caridad
Resto del título : juegos florales de La Coruña en 1861, seguido de un mosaico poético de nuestros vates gallegos contemporáneos...
260 ## - PUBLICACIÓN, DISTRIBUCIÓN, ETC.
Lugar de publicación, distribución, etc. Coruña :
Nombre del editor, distribuidor, etc. [s.n.,
Fecha de publicación, distribución, etc. 1862] (
Fabricante Mariano M. y Sancho)
300 ## - DESCRIPCIÓN FÍSICA
Extensión LV, 482 p. ;
Dimensiones 24 cm.
530 ## - NOTA DISPONIBLE DE FORMULARIO FÍSICO ADICIONAL
Nota de formato físico adicional disponible Disponible en formato digital.
650 #4 - PUNTO DE ACCESO ADICIONAL DE MATERIA--TÉRMINO DE MATERIA
Término de materia o nombre geográfico como elemento de entrada Poesías españolas-
Subdivisión geográfica Galicia.
9 (RLIN) 144044
852 ## - LOCALIZACIÓN
Ubicación ES-MaACL
Número de control de estantería G-9574
856 ## - LOCALIZACIÓN Y ACCESO ELECTRÓNICOS
Identificador Uniforme de Recursos <a href="http://bdh-rd.bne.es/viewer.vm?id=0000216762&page=1 ">http://bdh-rd.bne.es/viewer.vm?id=0000216762&page=1 </a>
Nota pública Biblioteca Digital Hispánica
Holdings
Estatus retirado Estado de pérdida Estado de daño No para préstamo Colección Biblioteca de origen Biblioteca actual Ubicación en estantería Fecha de adquisición Fuente de adquisición Total de préstamos Signatura topográfica completa Código de barras Visto por última vez Precio de reemplazo Tipo de ítem Koha
        Colección digital Biblioteca del Ateneo de Madrid Biblioteca del Ateneo de Madrid Sala Pecera Planta 3 17/01/2008     G-9574 1022152 23/02/2023 23/02/2023 Libro impreso antiguo